[Event "Prague Festival Open 2019"]
[Site "Prague"]
[Date "2019.03.09"]
[Round "1.1"]
[White "Van den Doel, Erik"]
[Black "Vrabec, Milos"]
[Result "1-0"]
[WhiteElo "2610"]
[BlackElo "2144"]
[Annotator "TA"]
[PlyCount "141"]
[EventDate "2019.02.28"]
[EventType "tourn"]
[EventCountry "CZE"]
[SourceTitle "playchess.com"]
[Source "ChessBase"]
[SourceQuality "1"]

{[%evp 10,141,13,12,31,43,43,51,83,60,69,50,68,65,70,48,68,58,75,67,80,63,81,93,94,12,63,-59,-27,-64,50,65,44,17,74,72,145,134,158,147,152,156,177,179,173,143,143,143,143,143,143,131,150,150,150,150,143,143,160,160,160,132,168,160,172,172,172,172,172,158,172,158,165,165,172,172,172,165,165,158,172,172,172,165,165,165,165,165,165,165,165,165,165,149,165,145,165,165,140,138,140,131,131,129,176,193,275,275,260,267,233,231,290,261,247,210,340,337,386,386,386,382,358,345,345,338,330,330,328,306,2427,2407,2050,2019]} 1. d4 f5 2. Nc3 Nf6 3. Bg5 d5 4. e3 e6 5. Nf3 Be7 6. Bd3 Nbd7 {A80: Dutch Defence: Unusual White second moves} (6... Ne4 7. Bxe7 Qxe7 8. O-O O-O 9. Ne2 Nd7 10. c4 c6 11. Qc2 Kh8 12. a3 a5 13. Rab1 a4 14. Nc3 Nxc3 15. Qxc3 g5 16. Rbc1 g4 17. Nd2 Nf6 18. Kh1 Bd7 {1-0 (51) Duda,J (2738)-Potapov,P (2516) St Petersburg 2018}) 7. Ne2 Ne4 8. Nf4 Nf8 $146 {White is slightly better.} ({Predecessor:} 8... Nxg5 9. Nxg5 Nf8 10. Nf3 Bd6 11. h4 c6 12. Qe2 Qc7 13. g3 e5 14. dxe5 Bxe5 15. Nxe5 Qxe5 16. O-O-O Bd7 17. c4 dxc4 18. Bxc4 O-O-O 19. Qd3 Ng6 20. Qa3 a6 21. Nd3 {1-0 (21) Mikenas,V-Alexeev,A Kaliningrad 1972}) 9. Bxe7 Qxe7 10. O-O (10. Ne5 {keeps more tension.} g6 11. Bxe4 dxe4 12. d5 exd5 13. Qxd5 g5 14. Nh3) 10... Nd7 11. c4 c6 12. Be2 O-O 13. Rc1 Rf6 14. Nd3 Rh6 15. b4 g5 {White must now prevent ...g4.} 16. g3 g4 17. Nfe1 (17. Nfe5 $16) 17... dxc4 (17... a5 $11) 18. Nc5 ({White has to play} 18. Rxc4 $14 Qe8 19. Rc2) 18... Ndxc5 $15 19. bxc5 c3 (19... b5 $1 $15 20. Bxg4 e5) 20. f3 $14 gxf3 21. Bxf3 Qg5 (21... e5 $1 $11 {keeps the balance.}) 22. Ng2 {[#]} Nf6 (22... e5 $142 $1 {[%mdl 512]}) 23. Rxc3 $16 Nd5 24. Ra3 Qg7 25. Qd2 Bd7 26. Rb1 Bc8 27. Bxd5 exd5 28. Nf4 Qe7 29. Rab3 Rf6 30. Nd3 Rf7 31. Ne5 Rg7 32. Qf2 Qg5 33. a4 {[%cal Ba2a4,Ba4a5][%mdl 32]} Rc7 34. a5 a6 35. Kh1 Rg7 36. Qf3 h6 37. Qf2 Ra7 38. Qb2 Be6 39. Rf1 Qe7 40. Qg2 Ra8 41. Rfb1 Ra7 42. Kg1 Kh7 43. R1b2 Qc7 44. Rb6 Bc8 45. Qf1 Ra8 46. Kh1 Qe7 47. Qb1 Kg8 48. R6b3 Qc7 49. Qe1 Ra7 50. Rb1 Ra8 51. Qc3 Qe7 52. R3b2 {[%cal Bb3b2,Bb2f2,Bf2f6][%mdl 32]} Qg5 53. Qd3 Qd8 54. Rf1 Qg5 55. Rbf2 Be6 56. Nf3 Qg4 {[#]} 57. Nh4 $1 Qe4+ (57... Qh3 {might work better.} 58. Ng2 (58. Nxf5 Bxf5 59. Qxf5 Qxf5 $16) 58... Qg4) 58. Qxe4 $18 fxe4 59. Rf6 Bh3 60. R1f4 Kh7 61. Rd6 h5 62. Rff6 Re8 (62... Kg8 $142 63. Ng6 Rb8) 63. Ng6 Kg8 64. Nf4 Bg4 65. h3 Bf3+ 66. Kh2 Rh7 67. Ne6 Rf7 68. Rg6+ Kh8 69. Kg1 Rg8 $2 (69... Rb8 70. Ng5 Rg7 71. Nxf3 exf3 72. Rh6+ Kg8) 70. Rxg8+ Kxg8 71. Rd8+ {Accuracy: White = 61%, Black = 37%.} 1-0

[Event "Prague Festival Open 2019"]
[Site "Prague"]
[Date "2019.03.09"]
[Round "1.2"]
[White "Splichal, Stanislav"]
[Black "Sedlak, Nikola"]
[Result "0-1"]
[WhiteElo "2142"]
[BlackElo "2605"]
[Annotator "TA"]
[PlyCount "62"]
[EventDate "2019.02.28"]
[EventType "tourn"]
[EventCountry "CZE"]
[SourceTitle "playchess.com"]
[Source "ChessBase"]
[SourceQuality "1"]

{[%evp 15,62,15,22,16,44,44,60,50,73,28,46,-6,-6,0,0,-17,-14,-36,0,0,0,0,16,-7,-7,-5,-4,-13,-6,-8,-1,-12,-8,-14,0,0,53,45,85,0,0,-11,-11,-11,-9,-88,-85,-132,-124]} 1. Nf3 e6 2. c4 b6 3. g3 Bb7 4. Bg2 Nf6 5. O-O g6 6. Nc3 Bg7 7. d4 Ne4 8. Nxe4 Bxe4 9. Bg5 {A50: Queen's Fianchetto Defence (1 d4 Nf6 2 c4 b6)} (9. Ne5 Bxg2 10. Kxg2 c5 11. Be3 Bxe5 12. dxe5 Qc7 13. Bd2 Nc6 14. Bc3 O-O-O 15. f4 h5 16. e3 g5 {0-1 (39) Fedoseev,V (2731)-Rodshtein,M (2695) Tbilisi 2017}) 9... Qc8 10. Qd2 h6 11. Be3 {White is slightly better.} Nc6 {[%cal Bb8c6,Bc6e7,Be7f5,Bf5e3][%mdl 32]} 12. Rac1 $146 (12. d5 $5 {[%cal Rd5c6]} Bxf3 13. exf3 $16 (13. Bxf3 Ne5 $14)) ({Predecessor:} 12. d5 Ne7 13. Bd4 f6 14. dxe6 dxe6 15. Rfd1 O-O 16. Bc3 Rd8 17. Qe3 Rxd1+ 18. Rxd1 Bc6 19. Qd3 {½-½ (19) Lalic,B (2436)-Jakubowski,K (2557) Pardubice 2016}) 12... Ne7 13. Ne1 ({White should try} 13. d5 $14) 13... Bxg2 $11 14. Nxg2 Nf5 15. d5 c5 16. dxc6 Qxc6 17. Rfd1 O-O 18. b3 Rfd8 19. g4 (19. Bf4 {with more complications.} e5 20. Be3 h5 21. Ne1 Qe6 22. Nc2) 19... Nxe3 20. Qxe3 Rac8 {[%cal Ba8c8,Bc8c7,Bc7e7,Be7e4][%mdl 32]} 21. Ne1 Qb7 22. Nf3 Rc7 23. h4 Rdc8 24. Qf4 Qa6 25. Rc2 d5 (25... Qb7 $11) 26. Rcd2 $1 $14 Re7 {[#]} 27. g5 (27. h5 $1 $16) 27... h5 $1 $11 28. cxd5 exd5 29. Rxd5 Qxa2 30. Nd4 (30. Rd8+ $11 Re8 31. Rxe8+ Rxe8 32. Qc4) 30... Rce8 $17 31. e3 Re4 {Accuracy: White = 38%, Black = 68%.} 0-1

[Event "Prague Festival Open 2019"]
[Site "Prague"]
[Date "2019.03.09"]
[Round "1.3"]
[White "Zubov, Alexander"]
[Black "Haase, Pavel"]
[Result "1-0"]
[WhiteElo "2605"]
[BlackElo "2137"]
[Annotator "ChessBase"]
[PlyCount "63"]
[EventDate "2019.02.28"]
[EventType "tourn"]
[EventCountry "CZE"]
[SourceTitle "playchess.com"]
[Source "ChessBase"]
[SourceQuality "1"]
[TimeControl "40/5400+30:1800+30"]

1. d4 {[%emt 0:00:00]} Nf6 {[%emt 0:00:00]} 2. c4 {[%emt 0:00:06]} g6 {[%emt 0:00:00]} 3. Nc3 {[%emt 0:00:26]} d5 {[%emt 0:00:55]} 4. e3 {[%emt 0:02:48]} Bg7 {[%emt 0:00:51]} 5. Qb3 {[%emt 0:00:44]} c6 {[%emt 0:03:25]} 6. Nf3 {[%emt 0:00:07]} O-O {[%emt 0:00:28]} 7. Be2 {[%emt 0:00:20]} b6 {[%emt 0:03:35]} 8. O-O {[%emt 0:01:00]} Ba6 {[%emt 0:01:57]} 9. Rd1 {[%emt 0:04:16]} Qc7 {[%emt 0:02:38]} 10. a4 {[%emt 0:08:43]} Nbd7 {[%emt 0:05:19]} 11. Bd2 {[%emt 0:10:28]} e5 {[%emt 0:06:27]} 12. Rac1 {[%emt 0:09:38]} exd4 {[%emt 0:07:15]} 13. exd4 {[%emt 0:00:41]} Ne4 {[%emt 0:05:17]} 14. cxd5 {[%emt 0:03:46]} Nxc3 {[%emt 0:00:52]} 15. Bxa6 {[%emt 0:00:05]} Nxd1 {[%emt 0:00:16]} 16. dxc6 {[%emt 0:00:08]} Nc5 {[%emt 0:06:19]} 17. dxc5 {[%emt 0:00:47]} Nxb2 {[%emt 0:00:18]} 18. Bc3 {[%emt 0:03:25]} Bxc3 {[%emt 0:00:59]} 19. Rxc3 {[%emt 0:00:06]} bxc5 {[%emt 0:07:37]} 20. Qxb2 {[%emt 0:00:47]} Qxc6 {[%emt 0:01:26]} 21. Bb5 {[%emt 0:01:10]} Qf6 {[%emt 0:02:00]} 22. Qc2 {[%emt 0:01:26]} Rad8 {[%emt 0:02:31]} 23. g3 {[%emt 0:04:00]} Rd5 {[%emt 0:09:18]} 24. Kg2 {[%emt 0:00:28]} Rf5 {[%emt 0:02:26]} 25. h4 {[%emt 0:03:34]} h6 {[%emt 0:03:26]} 26. Re3 {[%emt 0:00:36]} Kg7 {[%emt 0:02:27]} 27. Bd3 {[%emt 0:08:06]} Rd5 {[%emt 0:00:52]} 28. Be4 {[%emt 0:01:36]} Rd6 {[%emt 0:02:14]} 29. Qxc5 {[%emt 0:00:19]} Ra6 {[%emt 0:00:50]} 30. Ne5 {[%emt 0:11:24]} Qd6 {[%emt 0:04:22]} 31. Qc3 {[%emt 0:02:06]} Kh7 {[%emt 0:00:42]} 32. h5 {[%emt 0:02:07]} 1-0

[Event "Prague Festival Open 2019"]
[Site "Prague"]
[Date "2019.03.09"]
[Round "1.4"]
[White "Burnett, Andrew"]
[Black "Bernadskiy, Vitaliy"]
[Result "0-1"]
[WhiteElo "2134"]
[BlackElo "2581"]
[Annotator "RC"]
[PlyCount "84"]
[EventDate "2019.02.28"]
[EventType "tourn"]
[EventCountry "CZE"]
[SourceTitle "playchess.com"]
[Source "ChessBase"]
[SourceQuality "1"]
[TimeControl "40/5400+30:1800+30"]

1. d4 {[%emt 0:00:00]} g6 {[%emt 0:01:52]} 2. e4 {[%emt 0:00:00]} Bg7 {[%emt 0:00:04]} 3. Nc3 {[%emt 0:00:29]} a6 {[%emt 0:00:03]} 4. Be3 {[%emt 0:00:23]} b5 {[%emt 0:00:13]} 5. Bd3 {[%emt 0:00:55]} d6 {[%emt 0:00:32]} 6. Qd2 {[%emt 0:00:42]} Nd7 {[%emt 0:00:26]} 7. a4 {[%emt 0:00:58]} b4 {[%emt 0:00:10]} 8. Nce2 {[%emt 0:00:27]} c5 {[%emt 0:00:44]} 9. Nf3 {[%emt 0:05:21]} Qc7 {[%emt 0:00:20]} 10. Nf4 {[%emt 0:11:38]} Ngf6 {[%emt 0:01:09]} 11. Nd5 {[%emt 0:10:23]} Nxd5 {[%emt 0:00:22]} 12. exd5 {[%emt 0:00:07]} c4 {[%emt 0:01:10]} 13. Be2 {[%emt 0:03:58]} c3 {[%emt 0:00:07]} 14. bxc3 {[%emt 0:00:34]} bxc3 {[%emt 0:00:05]} 15. Qc1 {[%emt 0:02:08]} h6 {[%emt 0:00:27]} 16. Ng1 {[%emt 0:11:18]} Nf6 {[%emt 0:01:01]} 17. Bf3 {[%emt 0:00:19]} Bb7 {[%emt 0:02:12]} 18. Ne2 {[%emt 0:00:43]} Bxd5 {[%emt 0:00:24]} 19. Bxd5 {[%emt 0:01:02]} Nxd5 {[%emt 0:00:04]} 20. O-O {[%emt 0:00:34]} Rc8 {[%emt 0:00:18]} 21. Rd1 {[%emt 0:02:20]} Qa5 {[%emt 0:03:35]} 22. Ra3 {[%emt 0:04:20]} Rc4 {[%emt 0:01:23]} 23. Rd3 {[%emt 0:04:03]} Rxa4 {[%emt 0:02:21]} 24. Rxa4 {[%emt 0:00:17]} Qxa4 {[%emt 0:00:03]} 25. Nxc3 {[%emt 0:01:18]} Nxc3 {[%emt 0:00:06]} 26. Rxc3 {[%emt 0:00:07]} O-O {[%emt 0:00:21]} 27. Qa3 {[%emt 0:02:38]} Qxa3 {[%emt 0:02:05]} 28. Rxa3 {[%emt 0:00:09]} f5 {[%emt 0:00:55]} 29. f3 {[%emt 0:04:07]} f4 {[%emt 0:03:55]} 30. Bf2 {[%emt 0:02:48]} Rc8 {[%emt 0:00:05]} 31. c3 {[%emt 0:01:18]} a5 {[%emt 0:00:17]} 32. Kf1 {[%emt 0:00:28]} a4 {[%emt 0:01:35]} 33. Rxa4 {[%emt 0:03:49]} Rxc3 {[%emt 0:00:05]} 34. Ke2 {[%emt 0:01:35]} Rc2+ {[%emt 0:00:06]} 35. Ke1 {[%emt 0:00:20]} Kf7 {[%emt 0:00:10]} 36. g3 {[%emt 0:00:43]} Rc1+ {[%emt 0:01:19]} 37. Ke2 {[%emt 0:00:27]} Rh1 {[%emt 0:00:26]} 38. d5 {[%emt 0:00:34]} Be5 {[%emt 0:00:32]} 39. gxf4 {[%emt 0:00:28]} Bf6 {[%emt 0:00:03]} 40. Bg3 {[%emt 0:03:27]} h5 {[%emt 0:00:06]} 41. Bf2 {[%emt 0:35:25]} h4 {[%emt 0:31:23]} 42. f5 {[%emt 0:01:39]} g5 {[%emt 0:03:11]} 0-1

[Event "Prague Festival Open 2019"]
[Site "Prague"]
[Date "2019.03.09"]
[Round "1.5"]
[White "Vorobiov, Evgeny E."]
[Black "Galicek, Stanislav"]
[Result "1-0"]
[WhiteElo "2566"]
[BlackElo "2133"]
[Annotator "TA"]
[PlyCount "63"]
[EventDate "2019.02.28"]
[EventType "tourn"]
[EventCountry "CZE"]
[SourceTitle "playchess.com"]
[Source "ChessBase"]
[SourceQuality "1"]

{[%evp 14,63,19,23,16,23,38,33,92,89,123,99,92,97,150,141,124,147,160,161,204,156,158,162,160,160,156,128,209,119,120,124,124,116,273,272,264,275,264,274,275,225,237,237,239,185,1037,1029,1132,1103,985,948]} 1. d4 Nf6 2. c4 g6 3. Nc3 d5 4. cxd5 Nxd5 5. Bd2 Bg7 6. e4 Nxc3 7. Bxc3 c5 8. d5 Bxc3+ {D85: Exchange Grünfeld: Unusual White 7th moves and lines with 7 Nf3} (8... O-O 9. Qd2 e6 10. Bc4 exd5 11. Bxd5 Nd7 12. Bxg7 Kxg7 13. Ne2 Nb6 14. Nc3 Be6 15. O-O-O Qf6 16. h4 Bxd5 17. Nxd5 Nxd5 18. exd5 {½-½ (44) Tomashevsky,E (2701)-Kasimdzhanov,R (2706) Baku 2014}) 9. bxc3 Qa5 10. Qd2 b5 (10... e6 $14) 11. Nf3 b4 $146 ({Predecessor:} 11... O-O 12. h4 h5 13. Ne5 Kg7 14. Bd3 c4 15. Bc2 Qb6 16. g4 {0-1 (37) Watorek,M (2124)-Wozniak,M (2169) Chotowa 2014}) 12. cxb4 Qxb4 13. Bd3 $36 {[%mdl 2048] White is really pushing.} Ba6 (13... O-O $142) 14. Rb1 $16 Qxd2+ 15. Kxd2 c4 16. Bc2 e6 17. Ba4+ Ke7 18. Kc3 exd5 19. exd5 Rd8 20. Rhd1 Kf6 {[#]} (20... Nd7 $16) 21. Nd2 (21. Rd4 $1 $18) 21... Nd7 22. Ne4+ ({Don't play} 22. Nxc4 $6 Bxc4 23. Bxd7 (23. Kxc4 Nb6+ {[%mdl 64] Double Attack} 24. Kb5 Rab8 $11) 23... Rxd7 $11) 22... Kg7 23. Bc6 Rab8 $2 (23... Rac8 $16) 24. Bxd7 $18 Rxb1 25. Rxb1 Rxd7 {[%mdl 4096] Endgame KRB-KRN} 26. Nc5 Rd6 27. Rb8 g5 28. a4 g4 29. Ra8 Rf6 $2 {[#]} (29... Rxd5 30. Nxa6 Ra5) 30. Rxa7 {White is clearly winning.} Bc8 31. Rc7 Bf5 32. Rc6 {Accuracy: White = 86%, Black = 31%.} 1-0

[Event "Prague Festival Open 2019"]
[Site "Prague"]
[Date "2019.03.09"]
[Round "1.6"]
[White "Dette, Jan"]
[Black "Stefansson, Hannes"]
[Result "0-1"]
[WhiteElo "2128"]
[BlackElo "2523"]
[Annotator "TA"]
[PlyCount "112"]
[EventDate "2019.02.28"]
[EventType "tourn"]
[EventCountry "CZE"]
[SourceTitle "playchess.com"]
[Source "ChessBase"]
[SourceQuality "1"]

{[%evp 10,112,20,0,0,0,0,0,23,0,-7,-20,-25,-28,-2,-62,-34,-42,-37,-75,-53,-35,-32,-41,-39,-41,2,10,79,31,18,8,34,-21,23,-43,-50,-81,-78,-82,-68,-106,-105,-127,-119,-190,-162,-190,-175,-173,-183,-182,-181,-175,-183,-169,-166,-172,-173,-193,-196,-185,-199,-184,-177,-222,-229,-189,-170,-187,-187,-177,-171,-314,-308,-387,-377,-504,-496,-570,-593,-644,-639,-631,-630,-754,-723,-721,-718,-1035,-1044,-1022,-934,-860,-823,-29966,-29965,-29968,-29968,-12833,-12833,-29960,-5620,-5226,-4610]} 1. e4 c5 2. Nf3 e6 3. d4 cxd4 4. Nxd4 Nc6 5. Be2 Nf6 6. Bf3 Qb6 {B44: Sicilian: Taimanov: 5 Nb5} 7. Nb3 Qc7 (7... d6 8. O-O Be7 9. Na3 Ne5 10. Bg5 h6 11. Bf4 Bd7 12. c4 O-O 13. Be2 Ba4 14. Be3 {½-½ (61) Lukiyanchuk,V (2331)-Grinev,V (2401) Omelnyk 2017}) 8. Nc3 $146 ({Predecessor:} 8. O-O Ne5 9. Nc3 a6 10. Be2 d6 11. a4 b6 12. f4 Ned7 13. Bf3 Bb7 {0-1 (29) Schloessner,H (2115)-Kauch,M (2270) Bruchkoebel 2002}) 8... a6 {The position is equal.} 9. a4 b6 10. Be3 Bb7 11. O-O Bb4 12. Ne2 (12. a5 $1 $11 bxa5 13. Nc5) 12... Bd6 13. Kh1 Ne5 14. Bf4 Nxe4 15. Bxe4 Bxe4 16. Qd4 $1 {[%cal Rd4e4]} Bd5 $1 ({Worse is} 16... Bxc2 17. Rac1 $16) 17. Nc3 $1 {[%cal Rc3d5]} Bc6 (17... Bxb3 $5 18. cxb3 f6 $15) 18. Rad1 Ke7 (18... g5 $1 $11 {keeps the balance.}) 19. Ne4 Bxe4 $1 20. Qxe4 {Black must now prevent Rd4.} f6 21. Rfe1 (21. Nd4 $14) 21... Rad8 22. Re2 (22. Nd4 $11) 22... Qc6 $15 23. Qd4 Bb8 24. Qb4+ {[#]} Kf7 $1 25. a5 b5 26. Qc5 Rhe8 27. Red2 (27. Bxe5 $17 {might work better.} Bxe5 28. c3) 27... d5 28. Bxe5 Qxc5 29. Nxc5 {[#] And now Bxb8 would win.} Bxe5 30. c3 Bd6 31. Nb7 Rd7 32. Nxd6+ Rxd6 $19 {[%mdl 4096] Endgame KRR-KRR} 33. f4 h5 34. Kg1 Kg6 35. Kf2 Rc8 36. Kf3 Rc4 37. g3 Rdc6 38. Rd4 Rxd4 39. Rxd4 {KR-KR} Rc4 40. Rd3 b4 41. cxb4 (41. b3 {is the only way for White.} Rc5 42. cxb4) 41... Rxb4 42. Rc3 Rxb2 43. Rc6 Kf5 44. Rxa6 Rxh2 45. Ra7 g6 46. a6 Ra2 47. Ra8 Ra3+ 48. Kf2 e5 49. a7 exf4 50. gxf4 h4 51. Kg2 Kxf4 52. Rg8 Rxa7 53. Rxg6 Ra2+ 54. Kh3 f5 55. Rg8 d4 56. Rd8 Ke5 {Accuracy: White = 32%, Black = 74%.} 0-1

[Event "Prague Festival Open 2019"]
[Site "Prague"]
[Date "2019.03.10"]
[Round "2.1"]
[White "Rudolf, Michal"]
[Black "Van den Doel, Erik"]
[Result "0-1"]
[WhiteElo "2334"]
[BlackElo "2610"]
[Annotator "TA"]
[PlyCount "70"]
[EventDate "2019.02.28"]
[EventType "tourn"]
[EventCountry "CZE"]
[SourceTitle "playchess.com"]
[Source "ChessBase"]
[SourceQuality "1"]

{[%evp 21,70,39,50,0,0,0,0,0,0,-4,-3,-16,-7,-3,7,22,0,0,55,57,35,53,53,0,0,-11,47,39,40,37,90,12,16,0,0,0,0,0,0,0,0,-108,-109,-109,-110,-110,-110,-112,-120,-1048,-987]} 1. e4 e5 2. Nf3 Nc6 3. Bc4 Nf6 4. d3 Be7 5. O-O O-O 6. Re1 d6 7. a4 Na5 8. Ba2 {C55: Two Knights: 4 d3, 4 d4 exd4 5 e5 and Max Lange Attack} c5 9. c3 Nc6 10. Na3 a6 11. h3 (11. Bd2 Rb8 12. Nc2 Be6 13. Bxe6 fxe6 14. b4 b5 15. Qe2 Qd7 {½-½ (54) Duda,J (2707)-Naiditsch,A (2710) Linares 2017}) 11... h6 {LiveBook: 8 Games} 12. d4 exd4 $146 ({Predecessor:} 12... cxd4 13. cxd4 Nd7 14. Nc2 a5 15. Bc4 Bf6 {1-0 (28) Fontaine,Q (2313)-Sadkowsky,D (2235) Charleroi 2018}) 13. cxd4 d5 14. exd5 Nxd5 15. dxc5 Ndb4 16. Be3 Nxa2 17. Rxa2 Nb4 18. Ra1 Nd3 19. Re2 Nxc5 20. Qc2 $1 Qd5 21. Nc4 {Nb6 is the strong threat.} Qh5 22. Nd4 (22. Nce5 $1 $14 Ne6 23. Rd1) 22... Be6 $1 $11 23. b4 Nd7 (23... Bxc4 $11 24. Qxc4 b5) 24. Nxe6 $14 fxe6 25. Rd1 Nf6 {[#]} ({Better is} 25... Rad8 $14) 26. Nb6 (26. Bd4 $1 $16) 26... Rad8 $11 27. Rxd8 Rxd8 28. Rd2 Rxd2 29. Qxd2 Qf5 30. Qb2 Qd3 31. Bc5 (31. b5 $11) 31... Qd1+ $17 32. Kh2 Bd6+ 33. g3 {[#]} Bxc5 $1 34. bxc5 Ne4 {Threatens to win with ...Qf1.} 35. Kg2 $2 {[%mdl 8192]} (35. Qa2 $17 Kh8 36. Nc4) 35... Nd2 {Precision: White = 27%, Black = 71%.} 0-1

[Event "Prague Festival Open 2019"]
[Site "Prague"]
[Date "2019.03.10"]
[Round "2.2"]
[White "Sedlak, Nikola"]
[Black "Skomorokhin, Roman"]
[Result "1-0"]
[WhiteElo "2605"]
[BlackElo "2323"]
[Annotator "TA"]
[PlyCount "59"]
[EventDate "2019.02.28"]
[EventType "tourn"]
[EventCountry "CZE"]
[SourceTitle "playchess.com"]
[Source "ChessBase"]
[SourceQuality "1"]

{[%evp 9,59,-2,21,0,0,0,0,-4,24,37,37,19,43,0,0,0,0,0,73,66,63,75,52,79,72,63,107,105,158,39,34,42,57,50,70,67,72,83,121,111,163,170,219,218,473,474,437,392,377,377,673,560]} 1. d4 Nf6 2. Nf3 d5 3. Bf4 e6 4. e3 Bd6 5. Bg3 c5 6. Bb5+ {D02: 1 d4 d5 2 Nf3 sidelines, including 2...Nf6 3 g3 and 2...Nf6 3 Bf4} Nc6 7. c3 O-O 8. Nbd2 {The position is equal.} Qc7 (8... cxd4 9. exd4 Ne7 10. Bd3 Ng6 11. O-O Bxg3 12. fxg3 b5 13. Qe2 Qb6 14. Ng5 b4 15. Ndf3 h6 {½-½ (34) Naroditsky,D (2616)-Mamedyarov,S (2817) chess.com INT 2019}) 9. dxc5 Bxg3 10. hxg3 e5 11. e4 $146 ({Predecessor:} 11. Qc2 e4 12. Nd4 Ne5 13. f3 Bd7 14. Be2 Rfe8 15. O-O-O Qxc5 {½-½ (29) Ni,H (2697)-Tari,A (2556) Caleta 2016}) 11... dxe4 12. Ng5 $1 {[%cal Rg5h7] Hoping for Nxh7!} e3 13. fxe3 {Threatens to win with Nxh7!} Ne7 (13... Bf5 $11 {keeps the balance.}) 14. Nde4 $16 Nxe4 15. Nxe4 Bf5 16. Qd6 Rac8 {[#]} 17. Bd3 $1 Bxe4 18. Bxe4 f5 {[#]} (18... Rfd8 $142 19. Bxh7+ Kf8 20. Qxc7 Rxc7) 19. Bd5+ (19. O-O-O $1 $16 Rf6 20. Qxc7 Rxc7 21. Bc2) 19... Nxd5 $14 20. Qxd5+ Kh8 21. O-O-O Qxc5 22. Qxc5 Rxc5 {[%mdl 4096] Endgame KRR-KRR} 23. Rd7 Rb5 24. a4 {[%cal Ba2a4,Ba4a5][%mdl 32]} Rb6 (24... Ra5 $16) 25. a5 $18 Rb5 26. b4 h6 $2 (26... a6 27. Kc2 b6) 27. Kb2 e4 28. Kb3 Rb8 29. Rhd1 Kh7 $2 (29... Re5 30. Rf7 a6) 30. Rc7 {Accuracy: White = 70%, Black = 31%.} 1-0

[Event "Prague Festival Open 2019"]
[Site "Prague"]
[Date "2019.03.10"]
[Round "2.3"]
[White "Gajic, Mladen"]
[Black "Zubov, Alexander"]
[Result "0-1"]
[WhiteElo "2322"]
[BlackElo "2605"]
[Annotator "TA"]
[PlyCount "54"]
[EventDate "2019.02.28"]
[EventType "tourn"]
[EventCountry "CZE"]
[SourceTitle "playchess.com"]
[Source "ChessBase"]
[SourceQuality "1"]

{[%evp 11,54,36,43,38,77,47,44,37,51,48,72,18,33,35,31,-31,-31,-40,-40,-39,-38,-31,-36,-26,-18,-135,-135,-131,-136,-128,-130,-133,-129,-210,-218,-212,-216,-204,-215,-332,-325,-320,-304,-483,-484]} 1. d4 d6 2. e4 g6 3. Nc3 Bg7 4. Be3 a6 5. Qd2 Nd7 6. O-O-O b5 7. h4 {B06: Modern Defence} h6 8. Kb1 Bb7 9. f3 {White is slightly better.} c5 (9... Ngf6 10. Nge2 b4 11. Na4 a5 12. Ng3 h5 13. b3 Bc6 {1-0 (60) Fedorchuk,S (2648)-Almasi,Z (2682) Riadh 2017}) 10. dxc5 dxc5 $146 ({Predecessor:} 10... Nxc5 11. Nh3 Rc8 12. Nf4 {1-0 (32) Berg,E (2558)-Fernandez,D (2447) Vaxjo 2015}) 11. f4 (11. g4 $16) 11... b4 12. Na4 Ngf6 13. Nxc5 (13. e5 $14 Ne4 14. Qxd7+ {[%mdl 64] Decoy} Qxd7 15. Rxd7 Kxd7 16. Nb6+ Kc6 17. Nxa8) 13... Nxc5 $15 14. Qxd8+ Rxd8 15. Rxd8+ Kxd8 16. Bxc5 Nxe4 17. Bb6+ Kd7 {aiming for ...Nd2+.} 18. Nf3 (18. Bd3 $1 $11) 18... Ng3 $36 {[%mdl 2048] White is under strong pressure.} 19. Rg1 Bxf3 $1 20. gxf3 Nxf1 21. Rxf1 {[%mdl 4096] Endgame KRB-KRB} Kc6 22. Ba5 (22. Be3 $17) 22... Rb8 $1 $19 23. Re1 Rb5 $1 {[%cal Rb5a5]} 24. Bd8 {[#]} e6 $1 25. Kc1 (25. Re3 {is a better defense.}) 25... Rd5 26. Be7 {[#]} a5 $1 27. Re4 (27. h5 $142 Rxh5 28. Bd8) 27... Rd7 {Accuracy: White = 28%, Black = 69%.} 0-1